City mouse-country mouse and two more mouse tales from Aesop / (Record no. 4413)

MARC details
000 -LEADER
fixed length control field 00945cam a2200301 a 4500
005 - DATE AND TIME OF LATEST TRANSACTION
control field 20240821135550.0
020 ## - INTERNATIONAL STANDARD BOOK NUMBER
International Standard Book Number 0590411551 (pbk.) :
040 ## - CATALOGING SOURCE
Original cataloging agency DLC
Transcribing agency DLC
Modifying agency DLC
Language of cataloging eng
050 00 - LIBRARY OF CONGRESS CALL NUMBER
Classification number PZ8.C54
082 00 - DEWEY DECIMAL CLASSIFICATION NUMBER
Classification number 398.245293233
100 ## - MAIN ENTRY--PERSONAL NAME
Personal name Wallner, John
245 00 - TITLE STATEMENT
Title City mouse-country mouse and two more mouse tales from Aesop /
Statement of responsibility, etc. pictures by John Wallner.
250 ## - EDITION STATEMENT
Edition statement First Scholastic printing, December 1987
260 ## - PUBLICATION, DISTRIBUTION, ETC.
Place of publication, distribution, etc. New York :
Name of publisher, distributor, etc. Scholastic ;
Date of publication, distribution, etc. 1970 .
300 ## - PHYSICAL DESCRIPTION
Extent 32 pages :
Other physical details color illustrations ;
Dimensions 21 cm.
505 ## - FORMATTED CONTENTS NOTE
Formatted contents note J <br/>
520 ## - SUMMARY, ETC.
Summary, etc. City mouse-country mouse -- The lion and the mouse -- Belling the cat.
521 ## - TARGET AUDIENCE NOTE
Target audience note 500 <br/>
Source Lexile AD <br/>
521 ## - TARGET AUDIENCE NOTE
Target audience note J <br/>
Source Raz-Plus <br/>
650 #1 - SUBJECT ADDED ENTRY--TOPICAL TERM
Topical term or geographic name entry element Fables.
650 #1 - SUBJECT ADDED ENTRY--TOPICAL TERM
Topical term or geographic name entry element Mice
General subdivision Folklore.
650 #1 - SUBJECT ADDED ENTRY--TOPICAL TERM
Topical term or geographic name entry element Folklore.
700 1# - ADDED ENTRY--PERSONAL NAME
Personal name Wallner, John
Dates associated with a name 1945-
Relator term illustrator
700 0# - ADDED ENTRY--PERSONAL NAME
Personal name Aesop.
906 ## - LOCAL DATA ELEMENT F, LDF (RLIN)
a 7
b cbc
c orignew
d 2
e ncip
f 19
g y-gencatlg
942 ## - ADDED ENTRY ELEMENTS (KOHA)
Source of classification or shelving scheme Dewey Decimal Classification
Koha item type Books
Suppress in OPAC No
999 ## -
-- 4413
-- 4413
Holdings
Withdrawn status Lost status Source of classification or shelving scheme Damaged status Not for loan Collection Home library Current library Shelving location Date acquired Total Checkouts Full call number Barcode Date last seen Price effective from Koha item type
    Dewey Decimal Classification     Juvenile Fiction Footprints International School Library Network Toul Kork Campus Footprints International School Library Network Toul Kork Campus   08/21/2024   WAL 398.245293233 PZ8.C54 FISBK01053 08/21/2024 08/21/2024 Books